Elementos de política en America Latina /

Gespeichert in:
Bibliographische Detailangaben
1. Verfasser: Gallardo Martínez, Helio, 1942-
Format: Unbekannt
Sprache:Spanish
Veröffentlicht: San José, Costa Rica : DEI, 1986.
Schriftenreihe:(Colección universitaria)
Schlagworte:
Tags: Tag hinzufügen
Keine Tags, Fügen Sie den ersten Tag hinzu!

MARC

LEADER 000000000a22000000004500
001 003755
020 |a 9977904367 
041 0 |a spa 
082 0 4 |a 329   |b G168e 
100 1 |a Gallardo Martínez, Helio,   |d 1942- 
245 1 0 |a Elementos de política en America Latina /   |c Helio Gallardo Martínez. 
260 1 |a San José, Costa Rica :   |b DEI,   |c 1986. 
300 |a 267 páginas 
490 1 |a (Colección universitaria) 
650 4 |a AMERICA LATINA 
650 4 |a POLITICA 
999 |c 10186  |d 10186 
942 |c BK  |h 329 G168e  |2 z